000 01734nam0a2200337 4500
001 RU\NLR\BIBL_A\012739412
005 20220421134155.0
010 _a978-5-6047280-5-5
_9300
021 _aRU
_bКН-П-21-085540
_9КН-П-21-6812
035 _a(NLR Aleph) 012739412
035 _a(RuMoRGB)010913017
090 _a12997561
_c12997561
100 _a20220324d2021 k y0rusy50 ca
101 0 _arus
102 _aRU
105 _aab||z|||000zy
181 0 _ai
_baxxe
182 0 _an
200 1 _aКомпенсаторно-приспособительные реакции системы крови рыб на действие разных факторов среды
_eмонография
_fС.Д. Чернявских, Кует До Хыу
_gФедеральное государственное автономное образовательное учреждение высшего образования "Белгородский государственный национальный исследовательский университет"
203 _aТекст
_bвизуальный
_cнепосредственный
210 _aБелгород
_cЭпицентр
_d2021
215 _a130 с.
_cил., карты, табл.
_d21
320 _aБиблиогр.: с. 94-130
606 1 _aКлетки (биол.) крови рыб
_xАдаптация к факторам окружающей среды
_92511745
_3RU\NLR\AUTH\6601703966
686 1 _aЕ666.621
700 1 _aЧернявских
_bС. Д.
_gСветлана Дмитриевна
701 0 _aКует До Хыу
942 _cBOOK
980 _aNB